000
00294nam a22001097a 4500
003
SGT
082
_a
370,FAU
100
_a
Fauzia Diba-201001002
245
_a
A Study on Effect of Family Environment on Academic Achievement of Senior Secondary School Students
260
_c
2020
942
_2
ddc
_c
TH
999
_c
29415
_d
29415